000 00582nam a2200241 a 4500
001 nice12345678
003 IN_TiNIC
005 20260116014141.0
008 080916s2008 dela grp 000 0 eng
020 _a9788126135165
_c900
082 0 0 _a922.97
_bSIN1
100 _aSingh, M K
245 _aMaulana Abul Kalam Azad
260 _aDelhi
_bAnmol Publishers
_c2008
300 _a275p
500 _aincludes index and biblioraphy
505 2 _abiblio, index
650 _aAbul Kalam Azad
700 1 _aSingh, M K
902 _bSRS
942 _cBK
999 _c14095
_d14095